Přijímací řízení na vysoké školy v ČR
Rôzne formy prijímacích skúšok: písomné, ústne, talentové skúšky, psychologické testy. Ďalšie aktivity zohľadnené pri prijímacích skúškach. Výsledky štúdia na strednej škole. Požiadavky na uchádzačov.
Salvato in:
| Autore principale: | |
|---|---|
| Altri autori: | |
| Natura: | Capitolo di libro |
| Lingua: | ceco |
| Soggetti: | |
| Tags: |
Nessun Tag, puoi essere il primo ad aggiungerne!!
|
MARC
| LEADER | 00000naa a2200000 4500 | ||
|---|---|---|---|
| 001 | r024810 | ||
| 005 | 20221205075529.0 | ||
| 041 | 0 | |a cze | |
| 044 | |a CZ | ||
| 245 | 1 | 0 | |a Přijímací řízení na vysoké školy v ČR |c H. Šebková, Z. Čermáková |
| 520 | |a Rôzne formy prijímacích skúšok: písomné, ústne, talentové skúšky, psychologické testy. Ďalšie aktivity zohľadnené pri prijímacích skúškach. Výsledky štúdia na strednej škole. Požiadavky na uchádzačov. | ||
| 610 | 2 | 0 | |a školy vysoké |
| 610 | 2 | 0 | |a Česko |
| 610 | 2 | 0 | |a skúšky prijímacie |
| 610 | 2 | 0 | |a testy psychologické |
| 100 | 1 | |a Šebková, H. | |
| 700 | 1 | |a Čermáková, Z. | |